| 000 | 00731nam a22002057a 4500 | ||
|---|---|---|---|
| 005 | 2010072205365.0 | ||
| 010 | _aENG-97362 | ||
| 020 |
_c325.00 _a9788131730775 |
||
| 035 | _aEN-80895 | ||
| 037 | _bDBAD/VEN | ||
| 082 | _a153.733 | ||
| 100 |
_aWolff, Jurgen _93486 |
||
| 245 |
_aFocus: _cby Jurgen Wolff _bthe power of targeted thinking / |
||
| 260 |
_aNoida _bDorling Kindersley (India) _c2010 |
||
| 270 |
_a7th Floor, Knowledge Boulevard, A-8(A) Sector-62, _bNoida _e201309 |
||
| 300 |
_axv, 231p _c22cm (pbk) |
||
| 942 |
_2ddc _cEN _mWOL _h153.733 |
||
| 999 |
_c38289 _d38289 |
||